Central Library OPAC University of Rajshahi

The fund theory of accounting and its implications for financial reports / (Record no. 15238)

MARC details
000 -LEADER
fixed length control field 00753cam a2200241u 4500
001 - CONTROL NUMBER
control field 15238
003 - CONTROL NUMBER IDENTIFIER
rucl marc code BD-RjUL
005 - DATE AND TIME OF LATEST TRANSACTION
control field 20211208235757.0
008 - FIXED-LENGTH DATA ELEMENTS--GENERAL INFORMATION
fixed length control field 140209r19671947e 000 0 eng
035 ## - SYSTEM CONTROL NUMBER
System control number (BD-RjUL)15292
040 ## - CATALOGING SOURCE
Original cataloging agency DLC
Transcribing agency CarP
Modifying agency DLC
-- BD-RjUL
Language of cataloging eng
041 ## - LANGUAGE CODE
Language code of text/sound track or separate title eng
082 04 - DEWEY DECIMAL CLASSIFICATION NUMBER
Classification number 657.3
Author mark and year VAF 1967
100 1# - MAIN ENTRY--PERSONAL NAME
Personal name Vatter, William Joseph,
Dates associated with a name 1905-
9 (RLIN) 47374
245 14 - TITLE STATEMENT
Title The fund theory of accounting and its implications for financial reports /
Statement of responsibility, etc. by william J. Vatter.
260 ## - PUBLICATION, DISTRIBUTION, ETC. (IMPRINT)
Place of publication, distribution, etc. London :
Name of publisher, distributor, etc. University of Chicago press,
Date of publication, distribution, etc. 1947 [impression 1967].
300 ## - PHYSICAL DESCRIPTION
Pagination v, 123, [18] p. ;
Size 25 cm.
650 #0 - SUBJECT ADDED ENTRY--TOPICAL TERM
Topical term or geographic name as entry element Accounting.
9 (RLIN) 47375
Topical term or geographic name as entry element Financial statements.
9 (RLIN) 47376
942 ## - ADDED ENTRY ELEMENTS (KOHA)
Source of classification or shelving scheme Dewey Decimal Classification
Koha item type Books
Holdings
Lost status Source of classification or shelving scheme Damaged status Not for loan Collection code Permanent Location Current Location Shelving location Date acquired Source of acquisition Cost, normal purchase price Total Checkouts Full call number Date last seen Copy number Koha item type
  Dewey Decimal Classification   Not For Loan Non-fiction Central Library, University of Rajshahi Central Library, University of Rajshahi Reading Room 13/08/1970 Zeitlinger 27.00   657.3 VAF 1967 09/02/2014 C-1 Books
  Dewey Decimal Classification     Non-fiction Central Library, University of Rajshahi Central Library, University of Rajshahi   13/08/1970 zeitlinger 27.00   657.3 VAF 1967 03/04/2019 C-2 Books
  Dewey Decimal Classification     Non-fiction Central Library, University of Rajshahi Central Library, University of Rajshahi   13/08/1970 zeitlinger 27.00   657.3 VAF 1967 03/04/2019 C-3 Books
  Dewey Decimal Classification     Non-fiction Central Library, University of Rajshahi Central Library, University of Rajshahi   13/08/1970 zeitlinger 27.00   657.3 VAF 1967 03/04/2019 C-4 Books